[Event "festival54"]
[Site "?"]
[Date "2016.02.19"]
[Round "5.3"]
[White "Mager, Denis"]
[Black "Micottis, Dorian"]
[Result "1-0"]
[LiveChessVersion "1.4.7"]
[BlackElo "2331"]
[WhiteElo "2239"]

1. c4 {[%clk 1:30:58]} c5 {[%clk 1:28:28]} 2. Nf3 {[%clk 1:31:04]} Nc6
{[%clk 1:28:50]} 3. d4 {[%clk 1:30:43]} cxd4 {[%clk 1:29:14]} 4. Nxd4
{[%clk 1:31:06]} f5 {[%clk 1:29:34]} 5. Nc3 {[%clk 1:27:48]} g6 {[%clk 1:29:26]}
6. e4 {[%clk 1:18:36]} fxe4 {[%clk 1:29:06]} 7. Nxe4 {[%clk 1:18:17]} Bg7
{[%clk 1:29:09]} 8. Be3 {[%clk 1:15:21]} Qa5+ {[%clk 1:29:29]} 9. Nc3
{[%clk 1:14:00]} Nf6 {[%clk 1:25:22]} 10. Nb3 {[%clk 1:05:55]} Qe5
{[%clk 1:22:13]} 11. Be2 {[%clk 1:01:23]} Ne4 {[%clk 1:10:30]} 12. Nxe4
{[%clk 0:53:08]} Qxe4 {[%clk 1:10:47]} 13. O-O {[%clk 0:53:04]} O-O
{[%clk 0:59:22]} 14. Nc5 {[%clk 0:39:23]} Qf5 {[%clk 0:47:21]} 15. Bg4
{[%clk 0:19:55]} Qf7 {[%clk 0:47:42]} 16. Bxd7 {[%clk 0:18:37]} Rd8
{[%clk 0:40:24]} 17. Bxc8 {[%clk 0:17:07]} Raxc8 {[%clk 0:28:37]} 18. Qg4
{[%clk 0:16:11]} Ne5 {[%clk 0:27:04]} 19. Qh3 {[%clk 0:16:17]} Qf5
{[%clk 0:18:35]} 20. Qxf5 {[%clk 0:15:23]} gxf5 {[%clk 0:19:00]} 21. Ne6
{[%clk 0:15:37]} Rd3 {[%clk 0:19:21]} 22. Nxg7 {[%clk 0:15:48]} Kxg7
{[%clk 0:19:46]} 23. Bxa7 {[%clk 0:13:42]} Nxc4 {[%clk 0:19:44]} 24. Rfd1
{[%clk 0:10:24]} Rxd1+ {[%clk 0:08:03]} 25. Rxd1 {[%clk 0:10:54]} Ra8
{[%clk 0:08:18]} 26. Bd4+ {[%clk 0:10:41]} Kf7 {[%clk 0:07:45]} 27. b3
{[%clk 0:09:35]} Nd6 {[%clk 0:07:23]} 28. a4 {[%clk 0:09:41]} b5 {[%clk 0:07:51]}
29. axb5 {[%clk 0:09:32]} Nxb5 {[%clk 0:08:16]} 30. Bc5 {[%clk 0:09:42]} Nc3
{[%clk 0:08:28]} 31. Re1 {[%clk 0:09:28]} e5 {[%clk 0:08:20]} 32. f3
{[%clk 0:07:07]} e4 {[%clk 0:08:26]} 33. fxe4 {[%clk 0:05:37]} Nxe4
{[%clk 0:08:43]} 34. b4 {[%clk 0:05:07]} Rc8 {[%clk 0:06:08]} 35. Rc1
{[%clk 0:05:29]} Ke6 {[%clk 0:05:37]} 36. Kf1 {[%clk 0:05:08]} Kd5
{[%clk 0:04:45]} 37. Ke2 {[%clk 0:04:50]} Rg8 {[%clk 0:04:26]} 38. g3
{[%clk 0:03:49]} h5 {[%clk 0:04:22]} 39. Kf3 {[%clk 0:03:56]} Rg4
{[%clk 0:04:03]} 40. Be7 {[%clk 0:03:31]} Ke6 {[%clk 0:04:29]} 41. Bc5
{[%clk 0:02:50]} h4 {[%clk 0:04:39]} 42. gxh4 {[%clk 0:02:47]} Rxh4
{[%clk 0:05:08]} 43. Rc2 {[%clk 0:02:47]} Rh8 {[%clk 0:04:43]} 44. Bd4
{[%clk 0:02:39]} Rb8 {[%clk 0:03:32]} 45. Rb2 {[%clk 0:02:26]} Rd8
{[%clk 0:03:39]} 46. Be3 {[%clk 0:02:47]} Nd6 {[%clk 0:02:45]} 47. b5
{[%clk 0:01:25]} Nc4 {[%clk 0:02:19]} 48. Rc2 {[%clk 0:01:13]} Ne5+
{[%clk 0:02:13]} 49. Ke2 {[%clk 0:01:32]} Rb8 {[%clk 0:01:51]} 50. b6
{[%clk 0:01:06]} Ng4 {[%clk 0:01:38]} 51. Bg1 {[%clk 0:01:32]} Ne5
{[%clk 0:01:25]} 52. Rc7 {[%clk 0:01:18]} Nd7 {[%clk 0:01:11]} 53. h4
{[%clk 0:01:15]} f4 {[%clk 0:00:56]} 54. Rc6+ {[%clk 0:01:05]} Kd5
{[%clk 0:01:22]} 55. Rg6 {[%clk 0:01:24]} Ne5 {[%clk 0:01:04]} 56. Rg7
{[%clk 0:01:05]} Nc4 {[%clk 0:00:52]} 57. Rd7+ {[%clk 0:00:41]} Ke6
{[%clk 0:00:54]} 58. Rc7 {[%clk 0:01:01]} Nd6 {[%clk 0:00:52]} 59. Kf3
{[%clk 0:01:06]} Rh8 {[%clk 0:00:51]} 60. Bf2 {[%clk 0:01:24]} Nb5
{[%clk 0:00:33]} 61. Rc6+ {[%clk 0:01:17]} Kd7 {[%clk 0:00:55]} 62. Rc5
{[%clk 0:01:38]} Nd6 {[%clk 0:01:12]} 63. Kxf4 {[%clk 0:01:10]} Rf8+
{[%clk 0:01:34]} 64. Ke3 {[%clk 0:01:30]} Rb8 {[%clk 0:01:18]} 65. Rc7+
{[%clk 0:01:37]} Ke6 {[%clk 0:01:26]} 66. Rc6 {[%clk 0:01:27]} Rg8
{[%clk 0:00:56]} 67. Kd3 {[%clk 0:01:32]} Kd5 {[%clk 0:01:05]} 68. Rc5+
{[%clk 0:01:42]} Ke6 {[%clk 0:01:30]} 69. Rc7 {[%clk 0:01:53]} Kd5
{[%clk 0:00:50]} 70. h5 {[%clk 0:01:42]} Rh8 {[%clk 0:00:37]} 71. Be3
{[%clk 0:01:37]} Nc8 {[%clk 0:00:36]} 72. b7 {[%clk 0:00:54]} Nd6
{[%clk 0:00:46]} 73. Rd7 {[%clk 0:01:06]} Rb8 {[%clk 0:00:33]} 74. Rxd6+
{[%clk 0:01:23]} 1-0

[Event "festival54"]
[Site "?"]
[Date "2016.02.19"]
[Round "5.4"]
[White "Adrian, Claude"]
[Black "Iglesias, Joachim"]
[Result "1-0"]
[LiveChessVersion "1.4.7"]
[BlackElo "2308"]
[WhiteElo "2202"]

1. Nf3 {[%clk 1:24:40]} d6 {[%clk 1:30:52]} 2. d4 {[%clk 1:25:05]} Nf6
{[%clk 1:31:17]} 3. c4 {[%clk 1:25:21]} Nbd7 {[%clk 1:31:42]} 4. g3
{[%clk 1:25:47]} e5 {[%clk 1:32:04]} 5. Nc3 {[%clk 1:26:12]} Be7 {[%clk 1:32:25]}
6. Bg2 {[%clk 1:26:39]} O-O {[%clk 1:32:47]} 7. O-O {[%clk 1:27:04]} c6
{[%clk 1:33:13]} 8. Qc2 {[%clk 1:27:30]} Re8 {[%clk 1:33:28]} 9. Rd1
{[%clk 1:27:55]} Bf8 {[%clk 1:33:10]} 10. Rb1 {[%clk 1:26:59]} e4
{[%clk 1:29:13]} 11. Ng5 {[%clk 1:24:34]} d5 {[%clk 1:28:47]} 12. cxd5
{[%clk 1:24:40]} cxd5 {[%clk 1:29:13]} 13. Nb5 {[%clk 1:24:24]} Nb6
{[%clk 1:28:42]} 14. Nc7 {[%clk 1:22:27]} Bf5 {[%clk 1:27:22]} 15. Nxa8
{[%clk 1:19:15]} Nxa8 {[%clk 1:27:31]} 16. Qa4 {[%clk 0:46:04]} h6
{[%clk 1:21:31]} 17. Nxf7 {[%clk 0:38:12]} Kxf7 {[%clk 1:21:32]} 18. Qxa7
{[%clk 0:38:39]} e3 {[%clk 1:12:59]} 19. Bxe3 {[%clk 0:38:41]} Bxb1
{[%clk 1:12:17]} 20. Rxb1 {[%clk 0:39:08]} Qb6 {[%clk 1:08:38]} 21. Qa4
{[%clk 0:38:04]} Nc7 {[%clk 1:08:21]} 22. Rc1 {[%clk 0:37:28]} Bd6
{[%clk 1:02:25]} 23. b4 {[%clk 0:34:23]} Re7 {[%clk 0:58:18]} 24. a3
{[%clk 0:32:29]} Qa6 {[%clk 0:55:47]} 25. Qxa6 {[%clk 0:32:27]} Nxa6
{[%clk 0:55:09]} 26. Kf1 {[%clk 0:32:05]} Nc7 {[%clk 0:52:03]} 27. Bf4
{[%clk 0:27:43]} Bxf4 {[%clk 0:50:05]} 28. gxf4 {[%clk 0:27:36]} Nb5
{[%clk 0:50:16]} 29. Rc5 {[%clk 0:22:58]} Nxd4 {[%clk 0:49:37]} 30. e3
{[%clk 0:22:36]} b6 {[%clk 0:43:54]} 31. Bxd5+ {[%clk 0:18:21]} Kg6
{[%clk 0:39:11]} 32. Rc4 {[%clk 0:17:48]} Nb3 {[%clk 0:37:43]} 33. Rc6
{[%clk 0:17:06]} Nd2+ {[%clk 0:37:01]} 34. Ke2 {[%clk 0:17:09]} Kf5
{[%clk 0:32:50]} 35. Ba2 {[%clk 0:14:13]} Ra7 {[%clk 0:26:31]} 36. Kxd2
{[%clk 0:11:02]} Rxa3 {[%clk 0:22:15]} 37. Be6+ {[%clk 0:10:10]} Kg6
{[%clk 0:22:40]} 38. Rxb6 {[%clk 0:10:15]} Ne4+ {[%clk 0:22:47]} 39. Ke2
{[%clk 0:10:12]} Kh5 {[%clk 0:23:14]} 40. Bd5 {[%clk 0:06:59]} Nc3+
{[%clk 0:23:08]} 41. Kf3 {[%clk 0:07:23]} Nxd5 {[%clk 0:19:31]} 42. Rb5
{[%clk 0:07:47]} Kh4 {[%clk 0:19:44]} 43. Rxd5 {[%clk 0:08:07]} Rb3
{[%clk 0:20:12]} 44. b5 {[%clk 0:07:13]} Rb2 {[%clk 0:20:13]} 45. Rd7
{[%clk 0:06:52]} Rxb5 {[%clk 0:19:14]} 46. Rxg7 {[%clk 0:07:05]} h5
{[%clk 0:19:40]} 47. Rg5 {[%clk 0:06:40]} Rb3 {[%clk 0:19:50]} 48. Rd5
{[%clk 0:06:37]} Ra3 {[%clk 0:19:58]} 49. f5 {[%clk 0:06:01]} Kg5
{[%clk 0:20:11]} 50. f6+ {[%clk 0:06:13]} 1-0

[Event "festival54"]
[Site "?"]
[Date "2016.02.19"]
[Round "5.5"]
[White "Jessel, Stephen"]
[Black "Pucher, Sebastien"]
[Result "1/2-1/2"]
[LiveChessVersion "1.4.7"]
[BlackElo "2297"]
[WhiteElo "2336"]

1. Nf3 {[%clk 1:29:51]} d5 {[%clk 1:28:51]} 2. c4 {[%clk 1:30:09]} d4
{[%clk 1:28:25]} 3. g3 {[%clk 1:30:10]} Nc6 {[%clk 1:28:30]} 4. Bg2
{[%clk 1:30:15]} e5 {[%clk 1:28:51]} 5. d3 {[%clk 1:29:51]} Nf6 {[%clk 1:27:47]}
6. O-O {[%clk 1:30:08]} a5 {[%clk 1:27:38]} 7. e3 {[%clk 1:29:14]} Bc5
{[%clk 1:26:17]} 8. exd4 {[%clk 1:16:15]} Bxd4 {[%clk 1:25:00]} 9. Nxd4
{[%clk 1:05:03]} Nxd4 {[%clk 1:23:32]} 10. Re1 {[%clk 1:00:55]} O-O
{[%clk 1:21:02]} 11. Nc3 {[%clk 0:51:54]} Re8 {[%clk 1:20:20]} 12. h3
{[%clk 0:41:55]} c6 {[%clk 1:14:50]} 13. b3 {[%clk 0:33:10]} Bf5 {[%clk 1:08:05]}
14. Bb2 {[%clk 0:26:30]} Qd6 {[%clk 0:43:41]} 15. Ne2 {[%clk 0:23:27]} Nd7
{[%clk 0:33:06]} 16. Nxd4 {[%clk 0:17:21]} exd4 {[%clk 0:33:23]} 17. Qf3
{[%clk 0:17:15]} Bg6 {[%clk 0:31:00]} 18. Qf4 {[%clk 0:12:48]} Qxf4
{[%clk 0:28:28]} 19. gxf4 {[%clk 0:13:08]} Nc5 {[%clk 0:28:11]} 20. Rxe8+
{[%clk 0:10:58]} Rxe8 {[%clk 0:28:36]} 21. Bxd4 {[%clk 0:11:20]} Nxd3
{[%clk 0:28:35]} 22. Be3 {[%clk 0:11:07]} a4 {[%clk 0:17:40]} 23. Rd1
{[%clk 0:05:59]} Bf5 {[%clk 0:11:39]} 24. Bf1 {[%clk 0:03:36]} axb3
{[%clk 0:10:48]} 25. axb3 {[%clk 0:03:24]} Rd8 {[%clk 0:07:53]} 26. Ra1
{[%clk 0:02:29]} h6 {[%clk 0:07:34]} 27. Ra7 {[%clk 0:02:01]} Rd7
{[%clk 0:07:47]} 28. Ra5 {[%clk 0:01:29]} Be4 {[%clk 0:05:22]} 29. Be2
{[%clk 0:01:37]} Ne1 {[%clk 0:04:16]} 30. Kh2 {[%clk 0:01:30]} Nf3+
{[%clk 0:01:26]} 31. Bxf3 {[%clk 0:00:33]} Bxf3 {[%clk 0:01:54]} 32. Ra7
{[%clk 0:00:34]} Be4 {[%clk 0:01:13]} 33. b4 {[%clk 0:00:33]} f6 {[%clk 0:01:28]}
34. Kg3 {[%clk 0:00:33]} Kf7 {[%clk 0:01:41]} 35. b5 {[%clk 0:00:32]} Ke6
{[%clk 0:01:22]} 36. b6 {[%clk 0:00:36]} Kf5 {[%clk 0:00:32]} 37. h4
{[%clk 0:00:49]} h5 {[%clk 0:00:45]} 38. c5 {[%clk 0:00:57]} Ke6 {[%clk 0:00:37]}
39. Ra8 {[%clk 0:01:15]} Kf7 {[%clk 0:00:42]} 40. Rb8 {[%clk 0:01:30]} Bf5
{[%clk 0:00:40]} 41. Rh8 {[%clk 0:01:32]} Kg6 {[%clk 0:00:32]} 42. Rb8
{[%clk 0:01:27]} Kf7 {[%clk 0:00:55]} 43. Kf3 {[%clk 0:01:23]} Kg6
{[%clk 0:00:34]} 44. Kg2 {[%clk 0:01:00]} Kf7 {[%clk 0:00:39]} 45. Kg3
{[%clk 0:01:26]} Kg6 {[%clk 0:00:51]} 46. Rh8 {[%clk 0:00:59]} Rd1
{[%clk 0:00:51]} 47. Rb8 {[%clk 0:01:00]} Rd7 {[%clk 0:01:16]} 48. Rh8
{[%clk 0:00:49]} Rd1 {[%clk 0:01:40]} 49. Rb8 {[%clk 0:01:04]} Rd7 1/2-1/2

[Event "festival54"]
[Site "?"]
[Date "2016.02.17"]
[Round "6.1"]
[White "Iglesias, Joachim"]
[Black "Jessel, Stephen"]
[Result "1-0"]
[LiveChessVersion "1.4.7"]
[BlackElo "2336"]
[WhiteElo "2308"]

1. d4 {[%clk 1:30:51]} e6 {[%clk 1:30:17]} 2. Nf3 {[%clk 1:31:16]} d5
{[%clk 1:30:14]} 3. e3 {[%clk 1:31:40]} Nf6 {[%clk 1:30:09]} 4. Bd3
{[%clk 1:32:01]} c5 {[%clk 1:30:23]} 5. c3 {[%clk 1:32:27]} Nc6 {[%clk 1:30:40]}
6. Nbd2 {[%clk 1:32:52]} Bd6 {[%clk 1:30:43]} 7. O-O {[%clk 1:33:17]} O-O 8. dxc5
{[%clk 1:33:36]} Bxc5 {[%clk 1:31:24]} 9. e4 {[%clk 1:34:02]} Qc7
{[%clk 1:30:55]} 10. Qe2 {[%clk 1:34:22]} b6 {[%clk 1:30:54]} 11. a4
{[%clk 1:34:29]} h6 {[%clk 1:29:54]} 12. e5 {[%clk 1:32:37]} Ng4 {[%clk 1:23:18]}
13. b4 {[%clk 1:31:49]} Be7 {[%clk 1:14:28]} 14. Re1 {[%clk 1:29:10]} f6
{[%clk 1:08:13]} 15. exf6 {[%clk 1:26:22]} Bxf6 {[%clk 1:07:11]} 16. Bb2
{[%clk 1:24:41]} Nxb4 {[%clk 0:44:23]} 17. Bb1 {[%clk 1:23:08]} Nc6
{[%clk 0:33:25]} 18. h3 {[%clk 1:08:28]} Nge5 {[%clk 0:32:48]} 19. c4
{[%clk 1:08:17]} Nxf3+ {[%clk 0:15:02]} 20. Nxf3 {[%clk 1:08:30]} Bxb2
{[%clk 0:11:45]} 21. Qxb2 {[%clk 1:08:27]} Rf6 {[%clk 0:06:42]} 22. Qc2
{[%clk 1:00:49]} d4 {[%clk 0:05:05]} 23. Qh7+ {[%clk 0:58:23]} Kf8
{[%clk 0:05:25]} 24. Be4 {[%clk 0:50:05]} Bb7 {[%clk 0:04:30]} 25. Bxc6
{[%clk 0:50:19]} Qxc6 {[%clk 0:03:35]} 26. Qh8+ {[%clk 0:50:12]} Ke7
{[%clk 0:03:07]} 27. Qxg7+ {[%clk 0:50:33]} Rf7 {[%clk 0:03:31]} 28. Qxf7+
{[%clk 0:48:46]} Kxf7 {[%clk 0:03:54]} 29. Ne5+ {[%clk 0:49:13]} Kf6
{[%clk 0:03:53]} 30. Nxc6 {[%clk 0:49:37]} Bxc6 {[%clk 0:04:17]} 31. f3
{[%clk 0:47:22]} Rg8 {[%clk 0:01:49]} 32. Kf2 {[%clk 0:47:21]} Rg5
{[%clk 0:02:08]} 33. Red1 {[%clk 0:47:19]} e5 {[%clk 0:00:52]} 34. a5
{[%clk 0:46:41]} b5 {[%clk 0:00:48]} 35. cxb5 {[%clk 0:44:27]} Bxb5
{[%clk 0:01:13]} 36. Rac1 {[%clk 0:44:09]} a6 {[%clk 0:00:37]} 37. Rc5
{[%clk 0:43:23]} Ke6 {[%clk 0:00:31]} 38. h4 {[%clk 0:38:38]} Rf5
{[%clk 0:00:59]} 39. g4 {[%clk 0:38:33]} Rf4 {[%clk 0:00:35]} 40. Re1
{[%clk 0:38:51]} Kd5 1-0

[Event "festival54"]
[Site "?"]
[Date "2016.02.17"]
[Round "6.2"]
[White "Ninov, Nikolai"]
[Black "Pucher, Sebastien"]
[Result "1-0"]
[LiveChessVersion "1.4.7"]
[BlackElo "2297"]
[WhiteElo "2450"]

1. e4 {[%clk 1:30:54]} e5 {[%clk 1:30:16]} 2. Nf3 {[%clk 1:31:00]} Nc6
{[%clk 1:30:28]} 3. d4 {[%clk 1:28:01]} exd4 {[%clk 1:29:18]} 4. Bc4
{[%clk 1:28:00]} Nf6 {[%clk 1:25:18]} 5. e5 {[%clk 1:27:37]} d5 {[%clk 1:25:10]}
6. Bb5 {[%clk 1:27:54]} Ne4 {[%clk 1:23:29]} 7. Nxd4 {[%clk 1:28:03]} Bd7
{[%clk 1:21:21]} 8. Bxc6 {[%clk 1:28:10]} bxc6 {[%clk 1:20:27]} 9. O-O
{[%clk 1:28:07]} c5 {[%clk 1:06:34]} 10. Nb3 {[%clk 1:21:07]} c6 {[%clk 0:52:46]}
11. Nc3 {[%clk 1:15:59]} Nxc3 {[%clk 0:50:03]} 12. bxc3 {[%clk 1:14:55]} c4
{[%clk 0:32:06]} 13. Nd4 {[%clk 1:14:29]} Be7 {[%clk 0:32:03]} 14. f4
{[%clk 0:57:33]} O-O {[%clk 0:13:25]} 15. f5 {[%clk 0:53:11]} f6 {[%clk 0:07:48]}
16. e6 {[%clk 0:51:49]} Be8 {[%clk 0:08:15]} 17. Qg4 {[%clk 0:47:05]} Bd6
{[%clk 0:07:54]} 18. Bf4 {[%clk 0:40:02]} c5 {[%clk 0:04:24]} 19. Ne2
{[%clk 0:39:20]} Be5 {[%clk 0:00:45]} 20. Rad1 {[%clk 0:34:43]} Bc6
{[%clk 0:00:50]} 21. Rf3 {[%clk 0:30:20]} Rb8 {[%clk 0:01:01]} 22. Rh3
{[%clk 0:28:05]} Bxf4 {[%clk 0:00:57]} 23. Nxf4 {[%clk 0:28:11]} Rb7
{[%clk 0:00:36]} 24. Rxh7 {[%clk 0:26:55]} 1-0

[Event "festival54"]
[Site "?"]
[Date "2016.02.17"]
[Round "6.3"]
[White "Mohota, Nisha"]
[Black "Mager, Denis"]
[Result "1/2-1/2"]
[LiveChessVersion "1.4.7"]
[BlackElo "2239"]
[WhiteElo "2257"]

1. d4 {[%clk 1:27:44]} d5 {[%clk 1:30:50]} 2. c4 {[%clk 1:27:55]} c6
{[%clk 1:31:16]} 3. Nc3 {[%clk 1:28:11]} Nf6 {[%clk 1:31:33]} 4. cxd5
{[%clk 1:28:28]} cxd5 {[%clk 1:31:35]} 5. Bf4 {[%clk 1:28:51]} Nc6
{[%clk 1:31:07]} 6. e3 {[%clk 1:29:15]} a6 {[%clk 1:28:47]} 7. Bd3
{[%clk 1:29:25]} e6 {[%clk 1:27:30]} 8. Rc1 {[%clk 1:29:40]} Bd6 {[%clk 1:26:52]}
9. Bxd6 {[%clk 1:29:54]} Qxd6 {[%clk 1:27:17]} 10. f4 {[%clk 1:30:06]} O-O
{[%clk 1:20:55]} 11. Nf3 {[%clk 1:30:11]} Nd7 {[%clk 1:14:20]} 12. Ne5
{[%clk 1:24:16]} f5 13. g4 {[%clk 1:18:22]} Ndxe5 {[%clk 1:01:41]} 14. fxe5
{[%clk 1:16:28]} Qd8 {[%clk 0:55:12]} 15. gxf5 {[%clk 1:14:32]} exf5
{[%clk 0:51:41]} 16. Qh5 {[%clk 1:07:03]} Be6 {[%clk 0:47:10]} 17. Rg1
{[%clk 1:05:05]} Qe8 {[%clk 0:42:43]} 18. Qxe8 {[%clk 1:00:58]} Rfxe8
{[%clk 0:41:21]} 19. Ne2 {[%clk 1:00:39]} Rac8 {[%clk 0:38:38]} 20. Nf4
{[%clk 0:55:45]} Nxe5 {[%clk 0:32:37]} 21. Rxc8 {[%clk 0:54:14]} Nxd3+
{[%clk 0:32:31]} 22. Kd2 {[%clk 0:54:08]} Bxc8 {[%clk 0:31:06]} 23. Kxd3
{[%clk 0:52:05]} Be6 {[%clk 0:29:56]} 24. h4 {[%clk 0:44:46]} Kf7
{[%clk 0:28:46]} 25. Rc1 {[%clk 0:41:00]} Re7 {[%clk 0:26:27]} 26. Ke2
{[%clk 0:41:03]} g6 {[%clk 0:26:09]} 27. Kf2 {[%clk 0:40:27]} Kf6
{[%clk 0:25:56]} 28. Rc5 {[%clk 0:38:56]} Rd7 {[%clk 0:26:06]} 29. Rc8
{[%clk 0:39:06]} h6 {[%clk 0:21:50]} 30. h5 {[%clk 0:37:59]} gxh5
{[%clk 0:15:32]} 31. Nxh5+ {[%clk 0:35:08]} Kg5 {[%clk 0:15:44]} 32. Nf4
{[%clk 0:35:26]} Bf7 {[%clk 0:15:52]} 33. Rc1 {[%clk 0:33:03]} Re7
{[%clk 0:11:55]} 34. Rg1+ {[%clk 0:31:50]} Kf6 {[%clk 0:12:02]} 35. Rh1
{[%clk 0:32:14]} Kg5 {[%clk 0:11:32]} 36. Rg1+ {[%clk 0:32:18]} Kf6
{[%clk 0:11:58]} 37. Rh1 {[%clk 0:32:36]} Kg5 {[%clk 0:12:23]} 1/2-1/2

[Event "festival54"]
[Site "?"]
[Date "2016.02.17"]
[Round "6.4"]
[White "Migot, Tangi"]
[Black "Le Corre, Benjamin"]
[Result "1/2-1/2"]
[LiveChessVersion "1.4.7"]
[BlackElo "2303"]
[WhiteElo "2397"]

1. e4 {[%clk 1:30:57]} c5 {[%clk 1:25:45]} 2. Nf3 {[%clk 1:31:20]} Nc6
{[%clk 1:26:07]} 3. Bb5 {[%clk 1:31:25]} Nf6 {[%clk 1:26:26]} 4. Bxc6
{[%clk 1:30:32]} dxc6 {[%clk 1:26:48]} 5. Nc3 {[%clk 1:30:32]} Bg4
{[%clk 1:15:59]} 6. h3 {[%clk 1:30:11]} Bxf3 {[%clk 1:10:16]} 7. Qxf3
{[%clk 1:30:33]} Nd7 {[%clk 1:10:36]} 8. d3 {[%clk 1:29:51]} g6 {[%clk 1:10:48]}
9. Qe2 {[%clk 1:22:48]} Bg7 {[%clk 1:11:05]} 10. f4 {[%clk 1:22:13]} Bd4
{[%clk 1:09:45]} 11. e5 {[%clk 1:14:25]} Bxc3+ {[%clk 1:04:53]} 12. bxc3
{[%clk 1:14:42]} Qa5 {[%clk 1:04:27]} 13. Bd2 {[%clk 1:11:46]} c4
{[%clk 0:56:20]} 14. e6 {[%clk 1:01:24]} fxe6 {[%clk 0:51:55]} 15. Qxe6
{[%clk 1:01:11]} cxd3 {[%clk 0:47:59]} 16. cxd3 {[%clk 1:00:34]} Nc5
{[%clk 0:33:15]} 17. Qe3 {[%clk 0:57:51]} Rd8 {[%clk 0:30:37]} 18. d4
{[%clk 0:56:56]} Nb3 {[%clk 0:30:10]} 19. Rd1 {[%clk 0:57:12]} Qxa2
{[%clk 0:28:19]} 20. O-O {[%clk 0:57:23]} Nxd2 {[%clk 0:28:17]} 21. Rxd2
{[%clk 0:57:39]} Qf7 {[%clk 0:28:19]} 22. Ra1 {[%clk 0:50:34]} a6
{[%clk 0:25:06]} 23. Rb2 {[%clk 0:50:19]} Rd7 {[%clk 0:24:42]} 24. Rab1
{[%clk 0:49:04]} e6 {[%clk 0:24:29]} 25. Rb6 {[%clk 0:37:04]} O-O
{[%clk 0:23:58]} 26. g3 {[%clk 0:37:23]} Rfd8 {[%clk 0:21:04]} 27. R1b2
{[%clk 0:33:44]} Re7 {[%clk 0:21:06]} 28. Qe5 {[%clk 0:32:34]} Rdd7
{[%clk 0:20:09]} 29. Qb8+ {[%clk 0:31:06]} Re8 {[%clk 0:20:23]} 30. Qa7
{[%clk 0:29:12]} Ree7 {[%clk 0:20:47]} 31. Qb8+ {[%clk 0:29:38]} Re8
{[%clk 0:21:12]} 32. Qa7 {[%clk 0:30:00]} Rf8 33. Rb1 Qe7 34. R1b2 Qf7 1/2-1/2

[Event "festival54"]
[Site "?"]
[Date "2016.02.17"]
[Round "6.5"]
[White "Micottis, Dorian"]
[Black "Adrian, Claude"]
[Result "0-1"]
[LiveChessVersion "1.4.7"]
[BlackElo "2202"]
[WhiteElo "2331"]

1. g3 {[%clk 1:30:57]} c5 {[%clk 1:25:54]} 2. Bg2 {[%clk 1:30:53]} Nf6
{[%clk 1:25:55]} 3. Nf3 {[%clk 1:30:19]} g6 {[%clk 1:25:47]} 4. O-O
{[%clk 1:30:06]} Bg7 {[%clk 1:25:59]} 5. d4 {[%clk 1:30:09]} cxd4
{[%clk 1:23:51]} 6. Nxd4 {[%clk 1:30:32]} O-O {[%clk 1:23:43]} 7. Nc3
{[%clk 1:29:43]} Nc6 {[%clk 1:22:20]} 8. Nb3 {[%clk 1:29:39]} d6 {[%clk 1:17:55]}
9. h3 {[%clk 1:29:30]} Be6 {[%clk 1:15:56]} 10. e4 {[%clk 1:29:10]} Rc8
{[%clk 1:14:57]} 11. Re1 {[%clk 1:29:06]} Bc4 {[%clk 1:01:55]} 12. Bg5
{[%clk 1:18:39]} h6 {[%clk 1:00:58]} 13. Be3 {[%clk 1:18:04]} Kh7
{[%clk 0:56:57]} 14. Nd4 {[%clk 1:12:26]} Qa5 {[%clk 0:50:45]} 15. a3
{[%clk 1:03:52]} Nxd4 {[%clk 0:43:02]} 16. Bxd4 {[%clk 1:04:06]} Nd7
{[%clk 0:38:06]} 17. Bxg7 {[%clk 0:59:14]} Kxg7 {[%clk 0:37:25]} 18. Nd5
{[%clk 0:59:30]} Bxd5 {[%clk 0:35:12]} 19. exd5 {[%clk 0:59:54]} Rfe8
{[%clk 0:35:26]} 20. Re2 {[%clk 0:45:20]} Nf6 {[%clk 0:34:27]} 21. Qd4
{[%clk 0:42:47]} Qc5 {[%clk 0:33:51]} 22. Qd2 {[%clk 0:42:51]} b5
{[%clk 0:26:59]} 23. Rae1 {[%clk 0:42:33]} Rc7 {[%clk 0:26:34]} 24. Kh2
{[%clk 0:41:55]} Qb6 {[%clk 0:25:13]} 25. f4 {[%clk 0:40:55]} a5 {[%clk 0:24:30]}
26. c3 {[%clk 0:36:09]} b4 {[%clk 0:15:23]} 27. cxb4 {[%clk 0:23:00]} axb4
{[%clk 0:14:44]} 28. Qxb4 {[%clk 0:23:22]} Qxb4 {[%clk 0:14:51]} 29. axb4
{[%clk 0:23:49]} Kf8 {[%clk 0:14:14]} 30. Re3 {[%clk 0:21:06]} Rb8
{[%clk 0:14:33]} 31. Rb3 {[%clk 0:21:09]} Rcb7 {[%clk 0:08:26]} 32. Rbe3
{[%clk 0:20:54]} Ng8 {[%clk 0:05:49]} 33. Rb3 {[%clk 0:12:12]} Rxb4
{[%clk 0:06:08]} 34. Rxb4 {[%clk 0:12:38]} Rxb4 {[%clk 0:06:35]} 35. Re2
{[%clk 0:12:55]} Nf6 {[%clk 0:06:54]} 36. Rd2 {[%clk 0:13:11]} Nd7
{[%clk 0:05:30]} 37. Bf3 {[%clk 0:11:56]} Nb6 {[%clk 0:05:47]} 38. Be2
{[%clk 0:10:33]} Na4 {[%clk 0:05:39]} 39. b3 {[%clk 0:10:34]} Rxb3
{[%clk 0:05:42]} 40. Bd1 {[%clk 0:10:57]} Rb2 {[%clk 0:06:06]} 41. Rxb2
{[%clk 0:11:26]} Nxb2 {[%clk 0:06:29]} 42. Bb3 {[%clk 0:10:43]} Ke8
{[%clk 0:06:07]} 43. g4 {[%clk 0:10:51]} Kd7 {[%clk 0:06:08]} 44. Kg3
{[%clk 0:10:36]} g5 {[%clk 0:05:02]} 45. h4 {[%clk 0:10:15]} f6 {[%clk 0:02:08]}
46. hxg5 {[%clk 0:09:52]} hxg5 {[%clk 0:02:14]} 47. fxg5 {[%clk 0:08:17]} fxg5
{[%clk 0:02:43]} 48. Bc2 {[%clk 0:08:40]} e6 {[%clk 0:01:25]} 49. Bb3
{[%clk 0:06:53]} exd5 {[%clk 0:01:09]} 50. Bxd5 {[%clk 0:07:21]} Nd3
{[%clk 0:01:17]} 51. Be4 {[%clk 0:07:03]} Ne5 {[%clk 0:01:22]} 52. Bd5
{[%clk 0:07:06]} Kc7 {[%clk 0:01:32]} 53. Be6 {[%clk 0:06:57]} Kc6
{[%clk 0:01:57]} 54. Kf2 {[%clk 0:07:21]} Kc5 {[%clk 0:02:24]} 55. Ke3
{[%clk 0:07:45]} d5 {[%clk 0:02:38]} 56. Bf5 {[%clk 0:07:58]} Kc4
{[%clk 0:02:35]} 57. Be6 {[%clk 0:08:17]} Ng6 {[%clk 0:02:43]} 58. Bc8
{[%clk 0:07:29]} Kc5 {[%clk 0:02:45]} 59. Ba6 {[%clk 0:07:20]} Ne5
{[%clk 0:03:06]} 60. Be2 {[%clk 0:07:18]} Kd6 {[%clk 0:03:02]} 61. Bd1
{[%clk 0:06:47]} Nc6 {[%clk 0:03:21]} 62. Ba4 {[%clk 0:07:05]} Nd8
{[%clk 0:03:45]} 63. Bc2 {[%clk 0:06:19]} Ke5 {[%clk 0:04:07]} 64. Bb1
{[%clk 0:05:59]} Ne6 {[%clk 0:04:18]} 65. Bf5 {[%clk 0:06:24]} Nf4
{[%clk 0:04:08]} 66. Bh7 {[%clk 0:05:58]} Ne6 {[%clk 0:03:37]} 67. Bf5
{[%clk 0:04:55]} Nc5 {[%clk 0:03:54]} 68. Bh7 {[%clk 0:05:16]} d4+
{[%clk 0:03:52]} 69. Kf3 {[%clk 0:05:27]} Na6 {[%clk 0:03:47]} 70. Bd3
{[%clk 0:05:17]} Nb4 {[%clk 0:04:08]} 71. Bf5 {[%clk 0:05:34]} Kd5
{[%clk 0:04:21]} 72. Bb1 {[%clk 0:04:37]} d3 {[%clk 0:03:28]} 73. Ke3
{[%clk 0:04:27]} Ke5 {[%clk 0:03:46]} 74. Kd2 {[%clk 0:01:54]} Kd4
{[%clk 0:04:12]} 75. Kd1 {[%clk 0:02:11]} Ke3 {[%clk 0:04:02]} 76. Ke1
{[%clk 0:02:25]} Nd5 {[%clk 0:03:53]} 0-1